000 00430nam a2200121Ia 4500
008 200918s9999 xx 000 0 und d
020 _a978-971-967-696-6
100 _aRosales, Renato De Guzman
245 _cRenato de Guzman Rosales
_aJose Rizal:
_bpoeta novelista de la literatura hispano filipina/
260 _aManila:
_bJimczyville Publications
_c2018
300 _axiv, 172 pages
_c23 cm.
650 _aRizal, Jose -- Philippines
999 _c364277
_d364277